Statistics for Copa Sudamericana

Click here to take the quiz!

General Stats

  • This quiz has been taken 206 times
    (168 since last reset)
  • The average score is 21 of 38

Answer Stats

YearChampion% Correct
2004-2005-2014Boca Juniors
95%
2003-2007-2014River Plate
95%
2010Independiente
87%
2003-2012-2013-2014São Paulo
86%
2002San Lorenzo
82%
2002-2003-2014Atlético Nacional
76%
2002Nacional
75%
2006Colo Colo
73%
2009Fluminense
73%
2004-2008Internacional SC
73%
2011Universidad de Chile
73%
2013Lanús
71%
2007América
67%
2012Tigre
63%
2005-2011Velez Sarsfield
62%
2003Cienciano
60%
2008Estudiantes
59%
2004-2009-2010-2011Liga de Quito
58%
2005-2012Universidad Católica
58%
2010Palmeiras
57%
2010Goiás
53%
2015Independiente Santa Fe
52%
2006Pachuca
51%
2007Arsenal de Sarandí
48%
2002-2004Bolívar
48%
2009Cerro Porteño
47%
2005Pumas de la UNAM
47%
2015Huracán
45%
2013Ponte Preta
43%
2013Libertad
38%
2011Vasco da Gama
36%
2006Atlético Paranaense
35%
2008Argentinos Juniors
33%
2007-2012Millonarios
33%
2006Toluca
17%
2009River Plate (U)
13%
2008Guadalajara
11%
2015Sportivo Luqueño
8%

Score Distribution

Percentile by Number Answered

Percent of People with Each Score

Your Score History

You have not taken this quiz since the last reset